SIMON BOLIVAR : LIBERTADOR DE LA AMERICA DEL SUR /

שמור ב:
מידע ביבליוגרפי
מחברים אחרים: Montalvo (autor) (autor)
פורמט: ספר
נושאים:
תגים: הוספת תג
אין תגיות, היה/י הראשונ/ה לתייג את הרשומה!

MARC

LEADER 00000nam^a2200000^a^4500
001 000244214
005 20250521000000.0
009 20260310105409.45
035 |a 067061 
037 |a Acervo Xavier Clavigero 
082 |a 980. 02092  |b SIM 
245 1 0 |a SIMON BOLIVAR :  |b LIBERTADOR DE LA AMERICA DEL SUR /  |c MONTALVO ... [ ET AL.] 
264 |a MADRID :  |b RENACIMIENTO,  |c 1914 
300 |a 542 p. 
336 |a texto  |b txt  |2 rdacontenido 
337 |a sin mediación  |b n  |2 rdamedio 
338 |a volumen  |b nc  |2 rdasoporte 
649 |a XX 
650 |a Bolívar, Simón 
650 |a Políticos 
700 |a Montalvo  |e (autor) 
910 |a Fondo General 
920 |a Impresos - Libros 
930 |a Colección General 
905 |a 101 
901 |a 067061  |b IT1  |c ACC  |i 067061  |u 20250521 
902 |a https://opac.biblio.iteso.mx/vufind/Record/000244214